| Поле | Инд. | ПП | Название | Значение |
|---|---|---|---|---|
| Тип записи | a | |||
| Библиографический уровень | m | |||
| 001 | Контрольный номер | UNIDUBNAb0b354b8aa504669840510caf3e69e0b | ||
| 005 | Дата корректировки | 20260519082305.1 | ||
| 040 | b | Код языка каталог. | rus | |
| 041 | 0_ | a | Код языка текста | rus |
| 084 | a | Индекс другой классификации/Индекс ББК | 24.51; 22.144.1 | |
| 090 | a | Полочн. индекс | 24.51 | |
| x | Авторский знак | Д 403 | ||
| 100 | 1_ | a | Автор | Джаффе Г. |
| q | Полное имя | Джаффе Ганс | ||
| u | Дополнение к имени | Jaffe H. H. | ||
| 100 | 1_ | a | Автор | Орчин М. |
| q | Полное имя | Орчин Милтон | ||
| u | Дополнение к имени | Milton O. | ||
| 245 | 10 | a | Заглавие | Симметрия в химии |
| b | Продолж. заглавия | Перевод с английского Н. М. Клименко; Под редакцией М. Е. Дяткиной | ||
| 246 | 05 | a | Другая форма заглавия | Symmetry in Chemistry |
| 260 | a | Место издания | Москва | |
| b | Издательство | Мир | ||
| c | Дата издания | 1967 | ||
| 300 | a | Объем | 235 с. | |
| 336 | a | Термин вида содержания | Текст | |
| 337 | a | Термин типа средства | непосредственный | |
| 650 | 04 | a | Основная рубрика | физическая химия |
| a | Основная рубрика | химия | ||
| 653 | 0_ | a | Ключевые слова | атомные орбитали |
| a | Ключевые слова | квантово-механическая теория | ||
| a | Ключевые слова | молекулярные орбитали | ||
| a | Ключевые слова | симметрия | ||
| a | Ключевые слова | симметрия кристаллов | ||
| a | Ключевые слова | теория групп | ||
| a | Ключевые слова | теория симметрии | ||
| a | Ключевые слова | теория строения молекул | ||
| 700 | 12 | a | Автор | Клименко Н. М. |
| e | Роль лиц | переводчик | ||
| 700 | 12 | a | Автор | Дяткина М. Е. |
| e | Роль лиц | редактор | ||
| 900 | a | Имя электронного ресурса | obl_Jaffe | |
| x | Справочная информация | Обложка | ||
| 901 | t | Тип документа | m | |
| 952 | a | Тип литературы для КСУ ВШ | НАУ |